Učebnice matematiky pro posluchače VŠE 1

Salvato in:
Dettagli Bibliografici
Natura: Libro
Lingua:ceco
Pubblicazione: Praha Stát. nakl. techn. lit. 1987
Edizione:7 přeprac. vyd.
Tags: Aggiungi Tag
Nessun Tag, puoi essere il primo ad aggiungerne!!

MARC

LEADER 00000nam a2200000 4500
001 c035641
005 20251204123833.3
041 0 |a cze 
044 |a CZ 
245 1 0 |a Učebnice matematiky pro posluchače VŠE 1  |c Zdeněk Horský 
250 |a 7 přeprac. vyd. 
264 1 |a Praha  |b Stát. nakl. techn. lit.  |c 1987 
300 |a 310 s.